Southville International School and Colleges

A Journey through the solar system / (Record no. 368835)

000 -LEADER
fixed length control field 00516nam a22001697a 4500
003 - CONTROL NUMBER IDENTIFIER
control field 0
005 - DATE AND TIME OF LATEST TRANSACTION
control field 20260205163945.0
008 - FIXED-LENGTH DATA ELEMENTS--GENERAL INFORMATION
fixed length control field 260205b xxu||||| |||| 00| 0 eng d
020 ## - INTERNATIONAL STANDARD BOOK NUMBER
International Standard Book Number 978-0-545-67352-5
050 ## - LIBRARY OF CONGRESS CALL NUMBER
Classification number M 523.4
Item number C48 2014
082 ## - DEWEY DECIMAL CLASSIFICATION NUMBER
Classification number M 523.4
Item number C48 2014
245 ## - TITLE STATEMENT
Title A Journey through the solar system /
260 ## - PUBLICATION, DISTRIBUTION, ETC. (IMPRINT)
Place of publication, distribution, etc New York, NY :
Name of publisher, distributor, etc Scholastic, The Magic School Bus,
Date of publication, distribution, etc 2014.
300 ## - PHYSICAL DESCRIPTION
Extent 32 pages :
Other physical details colored illustrations ;
Dimensions 26 cm.
650 ## - SUBJECT ADDED ENTRY--TOPICAL TERM
Topical term or geographic name as entry element Solar system
Form subdivision Juvenile literature.
942 ## - ADDED ENTRY ELEMENTS (KOHA)
Source of classification or shelving scheme
Koha item type Books
Holdings
Withdrawn status Damaged status Date acquired Source of classification or shelving scheme Shelving location Sub Shelving location Current Location Date last seen Full call number Koha item type Source of acquisition Price effective from Lost status Barcode Permanent Location
  2026-02-05 Main Section Munich Library2026-02-05M 523.4 C48 2014BooksLibrary Fund2026-02-05 M9202Munich Library
Powered by Koha